| 000 | 00453nam a2200157 a 4500 | ||
|---|---|---|---|
| 001 | 000026341 | ||
| 005 | 20200930024518.0 | ||
| 008 | 110314s1981 dr 000 0 spa d | ||
| 040 |
_aDO-SdBNP _bspa _cBNPHU |
||
| 082 |
_axxxx _bB582s |
||
| 245 | 0 | 0 | _aBibliografía sobre energía y campos afines. |
| 260 |
_aSanto Domingo : _bCorporación Dominicana de Electricidad, _c1981. |
||
| 300 |
_a77 p. ; _c25 cm. |
||
| 500 | _aIncluye índices | ||
| 049 | _aBNPD | ||
| 999 |
_c25833 _d25833 |
||